| 000 | 00965nam a22003132 4500 | ||
|---|---|---|---|
| 001 | 10111 | ||
| 003 | raton | ||
| 005 | 20211208234908.0 | ||
| 008 | 140123s1959 enk 001 0 eng | ||
| 035 |
_aOCLC ocm04715618 from D980108M _a(BD-RjUL)10158 |
||
| 040 |
_aDLC _cGZL _dGZL _dEQO _dBD-RjUL _beng |
||
| 041 | _aeng | ||
| 082 |
_a347.7 _bGRB |
||
| 090 |
_aKD2020 _b.B6 1959 |
||
| 100 | 1 |
_aBowstead, William, _d-1935. _917763 |
|
| 245 | 1 | 0 | _aBowstead on agency. |
| 250 | _a12th ed. | ||
| 260 |
_aLondon : _bSweet & Maxwell, _c1959. |
||
| 300 |
_alxxxviii, 335 p. ; _c26 cm. |
||
| 500 | _aFirst published in 1896 under title: A digest of the law of agency. | ||
| 500 | _aKept up to date by cumulative supplements. | ||
| 650 | 0 |
_aAgency (Law) _zGreat Britain. _913742 |
|
| 830 | 0 |
_vno. 7 _939492 |
|
| 700 | 1 |
_aGriew, Edward. _931213 |
|
| 830 | 0 |
_aCommon law library, _939493 |
|
| 942 |
_2ddc _cBK |
||
| 999 |
_c10111 _d10111 |
||